Pokémon - Les attaques de Maganon - Statistiques

Statistiques générales
  • Ce quiz a été pris 19 fois
  • Le résultat moyen est 9 sur 15
Statistiques - réponses
Niveaux Types Noms des attaques % Correct
Niveau 58 Feu Déflagration
100%
Départ Feu Flammèche
100%
Niveau 46 Feu Lance-Flammes
83%
Départ Normal Brouillard
75%
Départ Poison Purédpois
75%
Niveau 64 Normal Ultralaser
75%
Départ Normal Groz'Yeux
67%
Niveau 52 Feu Zénith
67%
Niveau 12 Poison Bain de Smog
58%
Niveau 16 Feu Roue de Feu
58%
Niveau 20 Spectre Onde Folie
50%
Niveau 40 Combat Balayage
42%
Niveau 34 Feu Ébullilave
42%
Niveau 28 Feu Poing Feu
33%
Niveau 24 Normal Grimace
17%
Aucun quiz correspondant
Distribution des résultats
% des personnes avec chaque résultat
Percentile par nombre de réponses
Votre historique - résultats
Vous n’avez pas pris ce quiz